000 00498nam a2200181Ia 4500
005 20250423101212.0
008 250422s9999 xx 000 0 und d
020 _a051743606X
050 _aTX 724 .5 .C5 M93/
100 _aMyers, Barbara
245 4 _aThe Chinese restaurant cookbook : featuring recipes from Szechuan, Hunan, Peking, Shanghai, Canton
260 _aNew York
260 _bGreenwich House
260 _c1984
300 _a378 p
650 _aCooking, Chinese
942 _cBK
999 _c35596
_d35596